| 000 | 01219cam a2200337I 4500 | ||
|---|---|---|---|
| 001 | 14522 | ||
| 003 | MCM | ||
| 005 | 20211208235637.0 | ||
| 008 | 140206s1981 ii a b f000 0 eng d | ||
| 035 | _aMITb10181796 | ||
| 035 |
_a(OCoLC)07418858 _a(BD-RjUL) 14574 |
||
| 035 | _aGLIS00181796 | ||
| 040 |
_aAGL _cAGL _dGPO _dBD-RjUL _beng |
||
| 041 | 1 |
_aeng _hrus |
|
| 082 |
_a632.7 _bINS 1981 |
||
| 088 | _aTT 78-52000 | ||
| 090 |
_aSB975 _b.I5713 |
||
| 099 | _aSB975.I5713 | ||
| 245 | 0 | 0 |
_aInsect behavior as a basis for developing control measures against pests of field crops and forests/ _ceditor-in-chief, V. P. Pristavko. |
| 260 |
_aNew Delhi : _bOxonian press pvt.Ltd : _cc1981. |
||
| 300 |
_avii, 238 p. : _bill. ; _c25 cm. |
||
| 500 | _a"Translated from Russian." | ||
| 500 | _a"This work is a collection of the papers presented at the All-Union symposium on Insect Behavior held in Kiev, March 26-29, 1974." | ||
| 500 | _a"TT 78-52000." | ||
| 504 | _aIncludes bibliographies. | ||
| 650 | 0 |
_aInsects _xBehavior _vCongresses. _945290 |
|
| 650 | 0 |
_aPests _xControl _vCongresses. _945291 |
|
| 650 | 0 |
_aPests _xBiological control _vCongresses. _945292 |
|
| 700 | 1 |
_aPristavko, V. P. _945293 |
|
| 942 |
_2ddc _cBK |
||
| 999 |
_c14522 _d14522 |
||